000 00398nam a22001577a 4500
008 141007b xxu||||| |||| 00| 0 eng d
020 _a978-972-674-297-5
080 _a134.38
100 _aDuarte .Ines
245 _aLingua Portuguesa
_cInes Duarte
250 _as.ed
260 _aLisboa
_bUniversidade Aberta
_c2000
300 _a436p
_b
_c
_e
_f
_g
650 _aportugues
942 _2udc
_cBK
999 _c30693
_d30693